| 000 | 00912nam a22002417a 4500 | ||
|---|---|---|---|
| 999 |
_c7447 _d7447 |
||
| 003 | AR-CdUCM | ||
| 008 | 190320b ||||| |||| 00| 0 spa d | ||
| 040 |
_aMUNICIPALIDAD PROVINCIAL DEL CUSCO _cBIBLIOTECA MUNICIPAL DEL CUSCO |
||
| 041 | _heng | ||
| 082 |
_a636.502 / _bSC31 |
||
| 100 |
_aScwartz, L. Dwight _921001 |
||
| 245 | _aManual de sanidad avícola / | ||
| 260 |
_aMéxico, D.F : _bUTEHA, _c1974. |
||
| 300 |
_a129 páginas ; _c23 cm. |
||
| 505 | _aContenido: Enfermedades del aparato respiratorio -- Enfermedades causadas por virus -- Enfermedades bacterianas -- Enfermedades diversas -- Calidad del agua -- Desinfectantes ... | ||
| 650 |
_aAve de corral _921002 |
||
| 650 |
_aEnfermedades _95611 |
||
| 650 |
_aAspectos higiénico _921003 |
||
| 700 |
_aColón Manrique, Julio (traducción) _921004 |
||
| 710 |
_aCentro Regional de ayuda Técnica. _910048 |
||
| 942 |
_2ddc _cLIBROS |
||
| 945 | _aachl | ||